000 00802nam a2200265Ia 4500
001 dia_3295
003 CHAP
005 20221215123437.0
008 220117s1984 xx 000 0 und d
010 _a170728
040 _cCHAP
082 _a664.122 G4
110 _aGrupo de Paises Latinoaméricanos y del Caribe Exportadores de Azúcar
_9147824
245 _aEnsayos No Destructivos en Nuevos Materiales en la Industria Azucarera /
_c por Geplacea
260 _aMéxico :
_b Geplacea,
_c1984
300 _a143 P.
440 _aMantenimiento Industrial, 3
_9147825
503 _aD
650 _aAzúcar
_99133
650 _aMantenimiento
_9147826
901 _a664.122 G4
902 _aM
905 _a0000001984 MX X 0000000000SPA00
942 _cLIBRO
_2ddc
999 _c170728
_d170728